00468nam a2200181 a 4500001001300000003000900013005001700022008004100039020002200080082001800102100002000120245002800140260003200168300000900200500003500209505002500244650001700269nice12345678IN_TiNIC20260116013322.0050524s1990 dela grp 000 0 urd  a8185107 c8000a891.4393bCHU aChughtai, Ismat aQuilt and Other Stories aDelhibKali for Womenc1990 a224p aincludes index and biblioraphy2 aLegal Aid Handbook 1 aUrdu-Fiction